| 000 | 00649nam a2200217Ia 4500 | ||
|---|---|---|---|
| 005 | 20240926095641.0 | ||
| 008 | 210716s2006 xx 000 0 und d | ||
| 020 | _a9788126555789 | ||
| 040 | _cAIMIT LIBRARY | ||
| 041 | _aeng | ||
| 082 |
_a382 _22 _bCHAS |
||
| 100 |
_aChary S N. _9180272 |
||
| 245 |
_aElements of international business / _cBy S N Chary. |
||
| 250 | _a2nd ed. | ||
| 260 |
_aNew Delhi : _bWiley India , _c2006. |
||
| 300 |
_axx,436p.; _bPB _c24.4 cm |
||
| 650 |
_aIntercultural management _9180273 |
||
| 650 |
_aInternational trade _9180274 |
||
| 650 |
_aInternational organizations _9180275 |
||
| 942 |
_2ddc _cBK _e2nd _k382 CHAS |
||
| 999 |
_c211540 _d211540 |
||